freak for you (All Lyrics) - Haiden Henderson - Statistics

General Stats
  • This quiz has been taken 7 times
  • The average score is 81 of 236
Answer Stats
Answer % Correct
a
100%
are
100%
babe,
100%
down,
100%
finger
100%
go
100%
gotta
100%
he
100%
Hey
100%
I
100%
it
100%
keep
100%
know
100%
put
100%
thin
100%
walls
100%
you
100%
You
100%
your
100%
Your
100%
again
50%
can
50%
from
50%
in
50%
mouth
50%
my
50%
name
50%
neighbor
50%
So
50%
so
50%
the
50%
way
50%
we
50%
Acting
0%
along
0%
be
0%
before
0%
boss
0%
clock
0%
day
0%
don't
0%
ever
0%
for
0%
freak
0%
get
0%
Guide
0%
hand
0%
head,
0%
head
0%
Here,
0%
hickey
0%
high
0%
him
0%
his
0%
hit
0%
how
0%
I'll
0%
It's
0%
knew
0%
knocks
0%
leave
0%
legs
0%
let
0%
like
0%
listen
0%
lose
0%
love
0%
me
0%
melody
0%
mr
0%
myself
0%
neck
0%
need
0%
next
0%
not
0%
on
0%
play
0%
rough,
0%
shook
0%
show
0%
sing
0%
start
0%
sticky
0%
stuck
0%
talk
0%
tell
0%
that
0%
to
0%
top
0%
touch
0%
tough,
0%
up,
0%
wake
0%
want
0%
what
0%
Whatever
0%
what's
0%
when
0%
who's
0%
No matching quizzes found
Score Distribution
Percent of People with Each Score
Percentile by Number Answered
Your Score History
You have not taken this quiz